| 000 | 00630nam a22002177a 4500 | ||
|---|---|---|---|
| 001 | 32151 | ||
| 003 | BD-RjUL | ||
| 005 | 20211209051808.0 | ||
| 008 | 140424r19651963nyu||||| b||| 001 0 eng d | ||
| 035 | _a(BD-RjUL)32240 | ||
| 040 |
_aBD-RjUL _beng _cBD-RjUL |
||
| 041 | _aeng | ||
| 082 | 0 | 4 |
_222 _a 242 _bAQT 1965 |
| 100 | 1 |
_a Aquinas Saint Thomas _997847 |
|
| 245 | 1 |
_aTreatise on God / _cThomas, Aquinas Saint; James F Anderson |
|
| 260 |
_aEnglewood Cliffs, N.J. : _b Prentice-Hall, _c1963 [Reprinted 1965] |
||
| 300 |
_avii,180 p. ; _c19 cm. |
||
| 504 | _aIncludes Bibliograpphy | ||
| 650 |
_a God. _997848 |
||
| 942 |
_2ddc _cBK |
||
| 999 |
_c32151 _d32151 |
||